000 00305nam a2200109 4500
245 _aThird man and the fallen idol
_cGraham Greene
100 _aGreene, Graham
260 _aHarmondsworth,Eng
_b Penguin Books
_c1971[reprinted 1973]
300 _a156p.; 18cm.-
490 _aPenguin books
082 _a823.91
_bGRE
999 _c1760
_d1760